[Event "chess.com SpeedChess Q2Sw"]
[Site "chess.com INT"]
[Date "2022.11.12"]
[Round "6"]
[White "Costello, Alexander"]
[Black "Klukin, Kirill"]
[Result "1-0"]
[WhiteTitle "IM"]
[BlackTitle "IM"]
[WhiteElo "2224"]
[BlackElo "2390"]
[WhiteFideId "2099659"]
[BlackFideId "24199273"]
[EventDate "2022.11.12"]

1. Nf3 Nf6 2. d4 g6 3. Bg5 Bg7 4. c4 O-O 5. Nc3 d6 6. e3 Nbd7 7. Be2 b6 8. d5
Bb7 9. Nd4 Nc5 10. f3 e5 11. Nc2 a5 12. e4 h6 13. Bh4 Bc8 14. Qd2 g5 15. Bf2 Nh5
16. Ne3 Nf4 17. g4 Bd7 18. O-O-O a4 19. Kb1 f6 20. h4 Kf7 21. Rh2 Rh8 22. Rdh1
Qe7 23. Nb5 Na6 24. Bd1 Bxb5 25. cxb5 Nc5 26. Nf5 Qd7 27. hxg5 hxg5 28. Rh7 Rxh7
29. Rxh7 Rg8 30. Bxc5 bxc5 31. Bxa4 Kf8 32. Qa5 Qc8 33. b6 cxb6 34. Qxb6 Kf7 35.
Nxd6+ 1-0

[Event "chess.com SpeedChess Q2Sw"]
[Site "chess.com INT"]
[Date "2022.11.12"]
[Round "6"]
[White "Rakhmanov, Aleksandr"]
[Black "Vidit, Santosh Gujrathi"]
[Result "0-1"]
[WhiteTitle "GM"]
[BlackTitle "GM"]
[WhiteElo "2630"]
[BlackElo "2724"]
[WhiteFideId "4173708"]
[BlackFideId "5029465"]
[EventDate "2022.11.12"]

1. d4 Nf6 2. c4 e6 3. Nc3 Bb4 4. e3 O-O 5. Nf3 b6 6. Bd2 Bb7 7. Bd3 d5 8. cxd5
exd5 9. O-O Be7 10. Ne5 c5 11. f4 Nc6 12. Ne2 Rc8 13. Rc1 Ne4 14. Bc3 Nxe5 15.
fxe5 Bg5 16. Nf4 cxd4 17. Bxd4 Qe7 18. Rxc8 Rxc8 19. Qg4 Re8 20. Rc1 g6 21. h3
Nc5 22. Bb5 Rd8 23. Rf1 a6 24. Be2 a5 25. Qf3 Bh6 26. Qg4 Bg7 27. Qg3 Ne4 28.
Qh2 Rc8 29. Bd3 Nc5 30. Qg3 Re8 31. Bb1 Bxe5 32. Qf3 Bxd4 33. exd4 Ne4 34. Re1
Qb4 35. Qe3 Nf6 0-1

[Event "chess.com SpeedChess Q2Sw"]
[Site "chess.com INT"]
[Date "2022.11.12"]
[Round "6"]
[White "Gurevich, Dmitry"]
[Black "Manukyan, Sargis A."]
[Result "0-1"]
[WhiteTitle "GM"]
[BlackTitle "FM"]
[WhiteElo "2396"]
[BlackElo "2163"]
[WhiteFideId "2000407"]
[BlackFideId "13303970"]
[EventDate "2022.11.12"]

1. d4 d5 2. c4 e6 3. Nc3 Nf6 4. Nf3 Be7 5. g3 O-O 6. Bg2 dxc4 7. Ne5 Nc6 8. Bxc6
bxc6 9. Nxc6 Qe8 10. Nxe7+ Qxe7 11. Qa4 c5 12. Qxc4 cxd4 13. Qxd4 e5 14. Qh4 Qe6
15. O-O h6 16. Be3 Bb7 17. f3 Rfc8 18. Qb4 Bc6 19. Rad1 a5 20. Qd6 Qh3 21. Rf2
e4 22. Qf4 exf3 23. exf3 Re8 24. Bd4 Rad8 25. Rfd2 Nh7 26. Qg4 Qxg4 27. fxg4 Ng5
28. Kf2 Nf3 29. Rd3 Nxh2 30. Bb6 Nxg4+ 31. Kf1 Rb8 32. Bd4 Rxb2 33. R3d2 Nh2+
34. Kf2 Ng4+ 35. Kf1 Rb4 36. a3 Rc4 37. a4 Bf3 38. Re1 Rd8 39. Nb5 Rxa4 40. Bc3
Rxd2 41. Bxd2 Ra2 42. Nd4 Rxd2 0-1

[Event "chess.com SpeedChess Q2Sw"]
[Site "chess.com INT"]
[Date "2022.11.12"]
[Round "6"]
[White "Yoo, Christopher Woojin"]
[Black "Jones, Gawain C B"]
[Result "1-0"]
[WhiteTitle "GM"]
[BlackTitle "GM"]
[WhiteElo "2573"]
[BlackElo "2623"]
[WhiteFideId "30909694"]
[BlackFideId "409561"]
[EventDate "2022.11.12"]

1. e4 e5 2. Nf3 Nc6 3. Bb5 a6 4. Ba4 Nf6 5. d4 exd4 6. O-O Be7 7. e5 Ne4 8. Nxd4
Nc5 9. Nf5 O-O 10. Qg4 g6 11. Bxc6 dxc6 12. Nxe7+ Qxe7 13. Qg3 Re8 14. Re1 Bf5
15. Bg5 Qf8 16. Nd2 h6 17. Be3 Rad8 18. Qh4 g5 19. Qb4 Rd5 20. c4 Rdxe5 21. Nf3
a5 22. Qa3 Nd3 23. Qxf8+ Kxf8 24. Nxe5 Rxe5 25. Re2 b5 26. b3 Be6 27. Rc2 a4 28.
cxb5 axb3 29. axb3 cxb5 30. Ra8+ Ke7 31. Rxc7+ Kd6 32. Rc3 Nb4 33. f4 Rd5 34.
fxg5 Rd1+ 35. Kf2 Nd5 36. gxh6 Nxc3 37. h7 Ne4+ 38. Kf3 Rf1+ 39. Ke2 Rb1 40.
h8=Q Bg4+ 41. Kd3 Bf5 42. Qd8+ Ke6 43. Ra6+ Nd6+ 1-0

[Event "chess.com SpeedChess Q2Sw"]
[Site "chess.com INT"]
[Date "2022.11.12"]
[Round "6"]
[White "Kravtsiv, Martyn"]
[Black "Kovalenko, Igor"]
[Result "1-0"]
[WhiteTitle "GM"]
[BlackTitle "GM"]
[WhiteElo "2598"]
[BlackElo "2674"]
[WhiteFideId "14113147"]
[BlackFideId "14117908"]
[EventDate "2022.11.12"]

1. e4 c5 2. Nf3 e6 3. d4 cxd4 4. Nxd4 a6 5. Be2 Nf6 6. Nc3 Qc7 7. O-O Bc5 8. Nb3
Be7 9. f4 d6 10. Bf3 Nc6 11. Qe2 O-O 12. Kh1 b5 13. a4 b4 14. Nd1 a5 15. Nf2 Ba6
16. Nd3 Rac8 17. Be3 e5 18. f5 Nb8 19. Rf2 d5 20. Bc1 dxe4 21. Bxe4 Nbd7 22. Qf3
Nxe4 23. Qxe4 Bb7 24. Qg4 Nf6 25. Qh3 e4 26. Nf4 Qe5 27. Be3 Rfd8 28. Rg1 Qxb2
29. Nxa5 Ba8 30. g4 Bc5 31. Nc4 Qc3 32. g5 Ne8 33. g6 h6 34. gxf7+ Kxf7 35. f6
Bxe3 36. Nxe3 Nxf6 37. Qe6+ Kf8 38. Ng6# 1-0

[Event "chess.com SpeedChess Q2Sw"]
[Site "chess.com INT"]
[Date "2022.11.12"]
[Round "6"]
[White "Bluebaum, Matthias"]
[Black "Ozen, Bahadir"]
[Result "0-1"]
[WhiteTitle "GM"]
[BlackTitle "IM"]
[WhiteElo "2651"]
[BlackElo "2369"]
[WhiteFideId "24651516"]
[BlackFideId "6337058"]
[EventDate "2022.11.12"]

1. d4 g6 2. c4 Bg7 3. e4 Nc6 4. Nf3 d6 5. d5 Ne5 6. Nxe5 Bxe5 7. Bd3 c6 8. O-O
Bg7 9. Nc3 Nf6 10. f4 O-O 11. Kh1 cxd5 12. cxd5 a6 13. a4 Qb6 14. a5 Qa7 15. Qe1
b5 16. Be3 Qb8 17. Rc1 Bd7 18. b4 Ng4 19. Bg1 Rc8 20. h3 Nf6 21. Bd4 Nh5 22.
Bxg7 Nxg7 23. Rf2 Qa7 24. Rfc2 Qd4 25. Nxb5 Qxd3 26. Nc7 Rab8 27. b5 Bxb5 28.
Rc3 Qe2 29. Qh4 Bd3 30. Re1 Qd2 31. Rc6 Rb2 32. Qg3 Nh5 33. Qg4 Qxe1+ 34. Kh2 f5
35. exf5 Bxf5 36. Qf3 Be4 37. Qg4 Rxg2+ 38. Qxg2 Bxg2 39. Ne6 Rxc6 40. dxc6 Qg3+
41. Kg1 Bf3+ 42. Kf1 Qg2+ 43. Ke1 Qe2# 0-1

[Event "chess.com SpeedChess Q2Sw"]
[Site "chess.com INT"]
[Date "2022.11.12"]
[Round "6"]
[White "Yeletsky, Ivan"]
[Black "Atakishiyev, Elmar"]
[Result "1-0"]
[WhiteTitle "FM"]
[BlackTitle "FM"]
[WhiteElo "2491"]
[BlackElo "2303"]
[WhiteFideId "24180327"]
[BlackFideId "13410547"]
[EventDate "2022.11.12"]

1. d4 Nf6 2. c3 g6 3. Bg5 Bg7 4. Nd2 O-O 5. e4 d6 6. Ngf3 c5 7. dxc5 dxc5 8. Bc4
Nc6 9. O-O Qc7 10. h3 h6 11. Be3 b6 12. a4 Bb7 13. Qc2 Rad8 14. Rfe1 Ne5 15. Be2
Nfd7 16. Nh2 Nc6 17. f4 e5 18. f5 Nf6 19. Rf1 Qd7 20. Bc4 Kh7 21. Rad1 Qe7 22.
Be2 Rc8 23. Ng4 Nd4 24. Qd3 c4 25. Nxc4 Nxe2+ 26. Qxe2 Nxe4 27. f6 Nxf6 28. Rxf6
Bxf6 29. Rd7 Qe6 30. Nxf6+ Qxf6 31. Rxb7 Rcd8 32. Rxa7 e4 33. Bd4 Qf4 34. Qf2 g5
35. g3 Qxf2+ 36. Kxf2 Kg6 37. Ne5+ Kf5 38. g4+ Ke6 39. Rb7 Rd6 40. Nc4 Rc6 41.
Ne3 f6 42. Nf5 Rd8 43. Ke3 Kd5 44. Ne7+ Kd6 45. Nxc6 Kxc6 46. Rxb6+ 1-0

[Event "chess.com SpeedChess Q2Sw"]
[Site "chess.com INT"]
[Date "2022.11.12"]
[Round "6"]
[White "Gheorghiu, Calin"]
[Black "Czerw, Dawid"]
[Result "0-1"]
[WhiteTitle "FM"]
[BlackTitle "FM"]
[WhiteElo "2300"]
[BlackElo "2373"]
[WhiteFideId "1200305"]
[BlackFideId "1145746"]
[EventDate "2022.11.12"]

1. e4 c5 2. Nf3 Nc6 3. d4 cxd4 4. Nxd4 g6 5. Nc3 Bg7 6. Be3 Nf6 7. Bc4 O-O 8.
Bb3 d6 9. f3 Bd7 10. Qd2 Nxd4 11. Bxd4 b5 12. g4 a5 13. a4 bxa4 14. Nxa4 Bc6 15.
h4 e5 16. Be3 d5 17. Nb6 d4 18. Nxa8 Qxa8 19. Rxa5 dxe3 20. Qc3 Qb7 21. h5 Bxe4
22. fxe4 Qxe4 23. Rg1 Qf3 24. Rf1 Qg3+ 25. Kd1 Rd8+ 26. Kc1 e2 27. Bxf7+ Kh8 28.
Re1 Rd1+ 29. Rxd1 Bh6+ 30. Qd2 Bxd2+ 31. Kxd2 exd1=Q+ 32. Kxd1 Qxg4+ 33. Kc1
Nxh5 34. Kb1 Qd1+ 35. Ka2 Qxc2 0-1

[Event "chess.com SpeedChess Q2Sw"]
[Site "chess.com INT"]
[Date "2022.11.12"]
[Round "6"]
[White "Lazavik, Denis"]
[Black "Sattarov, Bobir"]
[Result "1-0"]
[WhiteTitle "IM"]
[WhiteElo "2529"]
[BlackElo "2433"]
[WhiteFideId "13515110"]
[BlackFideId "14203081"]
[EventDate "2022.11.12"]

1. d4 Nf6 2. c4 e6 3. Nf3 c5 4. d5 g6 5. Nc3 d6 6. h3 Bg7 7. e4 O-O 8. Bd3 Nbd7
9. Be3 a6 10. a4 exd5 11. cxd5 Qc7 12. O-O Rb8 13. Rc1 Re8 14. Nd2 Qd8 15. Re1
h6 16. f4 Nh5 17. Be2 Ng3 18. Bf3 h5 19. Bf2 h4 20. Nc4 Nb6 21. Na3 f5 22. e5
dxe5 23. fxe5 Rxe5 24. Rxe5 Bxe5 25. Bxc5 Nd7 26. Be3 Bg7 27. d6 Ne5 28. Qd5+
Kh7 29. Nc4 Nxc4 30. Qxc4 Bd7 31. Nd5 Rc8 32. Nc7 Qf6 33. Rd1 Qxb2 34. Qxh4+ Nh5
35. Bxh5 gxh5 36. Qxh5+ Kg8 37. Nd5 Rc2 38. Qg6 Kf8 39. Kh1 Bc6 40. d7 Bxd7 41.
Qd6+ Kg8 42. Ne7+ Kh8 43. Qxd7 Rxg2 44. Qe8+ Kh7 45. Qg8# 1-0

[Event "chess.com SpeedChess Q2Sw"]
[Site "chess.com INT"]
[Date "2022.11.12"]
[Round "6"]
[White "Gorodetzky, David"]
[Black "Filgueira, Hernan"]
[Result "1-0"]
[WhiteTitle "IM"]
[BlackTitle "IM"]
[WhiteElo "2495"]
[BlackElo "2283"]
[WhiteFideId "2813416"]
[BlackFideId "101770"]
[EventDate "2022.11.12"]

1. e4 d5 2. exd5 Qxd5 3. Nc3 Qa5 4. d4 c6 5. Nf3 Nf6 6. Bc4 Bf5 7. O-O e6 8. Bd2
Qc7 9. Re1 Be7 10. Ne2 Nbd7 11. Ng3 Bg6 12. Ne5 Nxe5 13. dxe5 Nd5 14. Qg4 Rd8
15. Nh5 O-O 16. Rad1 Qb6 17. Bb3 Bc5 18. Re2 Ne7 19. h4 Rd4 20. Nf4 Bf5 21. Qg3
Ng6 22. Nxg6 hxg6 23. Rf1 Rg4 24. Qh2 Be4 25. g3 Bf3 26. Ree1 Rd8 27. Be3 Re4
28. Bxc5 Qxc5 29. Qh3 Qxe5 30. Rxe4 Qxe4 31. Rc1 Rd2 32. Qf1 Qd4 33. c3 Qd6 34.
Bc2 a5 35. Qe1 a4 36. Bxa4 Rxb2 37. Qe3 Bg4 38. Bb3 Qd2 39. Qxd2 Rxd2 40. Kg2
Kf8 41. c4 Bf5 42. c5 Ke7 43. Rc4 Bd3 44. Rb4 Be4+ 45. Rxe4 1-0

[Event "chess.com SpeedChess Q2Sw"]
[Site "chess.com INT"]
[Date "2022.11.12"]
[Round "6"]
[White "Sjugirov, Sanan"]
[Black "Sellitti, Federico"]
[Result "1-0"]
[WhiteTitle "GM"]
[WhiteElo "2712"]
[BlackElo "2176"]
[WhiteFideId "4189302"]
[BlackFideId "821829"]
[EventDate "2022.11.12"]

1. d4 d5 2. c4 e5 3. Nf3 e4 4. Nfd2 c6 5. e3 f5 6. Nc3 Nf6 7. Qb3 Be7 8. Be2 O-O
9. f4 Na6 10. O-O Nc7 11. Qc2 Be6 12. a4 Rc8 13. a5 Kh8 14. Kh1 Ng4 15. Bxg4
fxg4 16. cxd5 cxd5 17. Qd1 Na6 18. Nb3 Nb4 19. Bd2 Nd3 20. Rb1 Bb4 21. Nc1 Qf6
22. Nxd3 exd3 23. Qe1 Bxc3 24. bxc3 Bf5 25. Rxb7 Be4 26. Qg3 Qf5 27. Rfb1 Rc6
28. Rxa7 Rh6 29. Kg1 Rhf6 30. Rab7 h5 31. R7b6 Qh7 32. Qh4 Qg6 33. Rxf6 Rxf6 34.
Qg5 Qxg5 35. fxg5 Ra6 36. Ra1 Kh7 37. Kf2 Kg6 38. g3 Kxg5 39. Ra4 Kf6 40. c4
dxc4 41. Rxc4 Ke6 42. Rc5 Bd5 43. e4 Bb3 44. Ke3 Bc2 45. Rxh5 Ra8 46. Re5+ Kd6
47. Bb4+ Kc6 48. Rc5+ Kb7 49. d5 Ka6 50. d6 Rb8 51. d7 Rd8 52. Rc7 Kb5 53. Be7 1-0

[Event "chess.com SpeedChess Q2Sw"]
[Site "chess.com INT"]
[Date "2022.11.12"]
[Round "6"]
[White "Ljukin, Sergei"]
[Black "Lakshmi, C"]
[Result "1-0"]
[WhiteTitle "FM"]
[BlackTitle "WFM"]
[WhiteElo "2362"]
[BlackElo "1956"]
[WhiteFideId "14102200"]
[BlackFideId "25035347"]
[EventDate "2022.11.12"]

1. e4 c5 2. Nf3 Nc6 3. d4 cxd4 4. Nxd4 Nf6 5. Nc3 e5 6. Ndb5 d6 7. Nd5 Nxd5 8.
exd5 Nb8 9. a4 a6 10. Na3 Be7 11. Be2 O-O 12. O-O f5 13. f4 Bf6 14. Nc4 e4 15.
a5 Qc7 16. Be3 Nd7 17. c3 Rb8 18. Rc1 Be7 19. b4 Nf6 20. Nb6 Qd8 21. c4 Nd7 22.
c5 Nxb6 23. axb6 Ra8 24. Qa4 Bd7 25. c6 Bc8 26. b5 a5 27. Ra1 Bf6 28. Ra2 Qe7
29. Qc4 g5 30. Bd2 gxf4 31. Bxf4 Be5 32. Qc1 Bxf4 33. Qxf4 Qf6 34. Kh1 Qg6 35.
Rfa1 Qf7 36. Qxd6 Re8 37. Qf4 Qxd5 38. Rc2 1-0

[Event "chess.com SpeedChess Q2Sw"]
[Site "chess.com INT"]
[Date "2022.11.12"]
[Round "6"]
[White "Kosakowski, Jakub"]
[Black "Koc, Przemyslaw"]
[Result "0-1"]
[WhiteTitle "IM"]
[WhiteElo "2475"]
[BlackElo "2346"]
[WhiteFideId "1185080"]
[BlackFideId "1109081"]
[EventDate "2022.11.12"]

1. e4 e5 2. Bc4 c6 3. Nf3 d5 4. Bb3 Nf6 5. d3 Bg4 6. h3 Bxf3 7. Qxf3 Bb4+ 8. c3
Be7 9. O-O O-O 10. Re1 dxe4 11. dxe4 Nbd7 12. Nd2 Nc5 13. Bc2 b5 14. Nf1 Ne6 15.
Ng3 Qc7 16. a4 a6 17. Nf5 Rfd8 18. Be3 Bf8 19. Bb3 g6 20. Nh6+ Bxh6 21. Bxh6 Qe7
22. Red1 Nh5 23. g3 Qf6 24. Rxd8+ Rxd8 25. Qxf6 Nxf6 26. axb5 Nc5 27. Bc2 axb5
28. Bg5 Kg7 29. b4 Na4 30. Bxa4 Ra8 31. c4 Rxa4 32. Rxa4 bxa4 33. f3 a3 34. Bc1
a2 35. Bb2 Nd7 36. Kf2 Kf6 37. b5 cxb5 38. cxb5 Ke6 39. Ke3 Kd6 40. Kd3 Kc5 41.
Kc3 Kxb5 42. Kb3 f5 43. exf5 gxf5 44. g4 f4 45. h4 e4 46. fxe4 f3 0-1

[Event "chess.com SpeedChess Q2Sw"]
[Site "chess.com INT"]
[Date "2022.11.12"]
[Round "6"]
[White "Han, Yichen"]
[Black "Guzman Moneo, Alberto"]
[Result "1-0"]
[WhiteTitle "FM"]
[BlackTitle "CM"]
[WhiteElo "2423"]
[BlackElo "2146"]
[WhiteFideId "1054430"]
[BlackFideId "2209616"]
[EventDate "2022.11.12"]

1. Nf3 g6 2. e4 c5 3. d4 cxd4 4. Qxd4 Nf6 5. e5 Nc6 6. Qh4 Nxe5 7. Nxe5 Qa5+ 8.
Nc3 Qxe5+ 9. Be2 Bg7 10. O-O O-O 11. Bf4 Qa5 12. Rfe1 d6 13. Bf3 Be6 14. Bh6
Rac8 15. Bxg7 Kxg7 16. Rad1 Rc4 17. Qg3 b5 18. Ne4 Nxe4 19. Bxe4 Qxa2 20. b3 Rc7
21. h4 Qb2 22. Qe3 Qe5 23. Ra1 d5 24. Bd3 Qxe3 25. Rxe3 Rb8 26. h5 Rb6 27. hxg6
hxg6 28. Re5 f6 29. Re3 Bf7 30. f4 e6 31. Kf2 f5 32. Rh1 Rc8 33. Reh3 Kf6 34.
Ke3 Rc3 35. Ra1 Rc7 36. Rh8 Rbc6 37. Ra8 a6 38. R8xa6 Rxa6 39. Rxa6 Rb7 40. Kd4
g5 41. g3 gxf4 42. gxf4 Rb8 43. b4 Rb6 44. Rxb6 1-0

[Event "chess.com SpeedChess Q2Sw"]
[Site "chess.com INT"]
[Date "2022.11.12"]
[Round "6"]
[White "Stribuk, Artiom"]
[Black "Kazakov, Mikhail"]
[Result "1-0"]
[WhiteTitle "FM"]
[BlackTitle "GM"]
[WhiteElo "2312"]
[BlackElo "2513"]
[WhiteFideId "13515659"]
[BlackFideId "14102749"]
[EventDate "2022.11.12"]

1. d4 Nf6 2. c4 e6 3. g3 d5 4. Bg2 c6 5. Nf3 Be7 6. O-O O-O 7. b3 b6 8. Bb2 Bb7
9. Nc3 Nbd7 10. Qc2 Ba6 11. Nd2 Rc8 12. e4 c5 13. exd5 cxd4 14. dxe6 fxe6 15.
Nce4 e5 16. Ng5 Qe8 17. Rae1 Bc5 18. Ngf3 Qh5 19. h3 Rce8 20. g4 Qf7 21. Ng5 Qg6
22. Qxg6 hxg6 23. Bc6 Bc8 24. Nge4 Re6 25. Ba8 Ba6 26. Nxf6+ Nxf6 27. Bg2 Bb4
28. Rd1 Rd8 29. Ne4 Nxe4 30. Bxe4 Rf6 31. Kg2 Kf7 32. f4 exf4 33. Rxd4 Rxd4 34.
Bxd4 Rd6 35. Rxf4+ Kg8 36. Bd5+ Kh7 37. Rf7 Kh6 38. Bxg7+ Kg5 39. Bf8 Rf6 40.
Rxf6 Kxf6 41. Bxb4 1-0

[Event "chess.com SpeedChess Q2Sw"]
[Site "chess.com INT"]
[Date "2022.11.12"]
[Round "6"]
[White "Daggupati, Balaji"]
[Black "Mikaelyan, Arman"]
[Result "0-1"]
[WhiteTitle "GM"]
[BlackTitle "GM"]
[WhiteElo "2507"]
[BlackElo "2556"]
[WhiteFideId "2090759"]
[BlackFideId "13304852"]
[EventDate "2022.11.12"]

1. e4 c5 2. Nf3 Nc6 3. Bb5 e6 4. O-O Nge7 5. d4 cxd4 6. Nxd4 Ng6 7. Be3 Be7 8.
Nc3 O-O 9. Be2 d6 10. Qd2 a6 11. a4 Bd7 12. f4 Rc8 13. Nxc6 Bxc6 14. Rad1 Qc7
15. g3 Rfd8 16. Bd4 e5 17. Be3 exf4 18. gxf4 Bf6 19. Bd4 Bxd4+ 20. Qxd4 Qe7 21.
Bd3 Nxf4 22. Kh1 d5 23. e5 Ne6 24. Qg4 g6 25. Ne2 d4+ 26. Be4 Bxe4+ 27. Qxe4 Ng5
28. Qg2 Qxe5 29. Ng3 Re8 30. Nf5 f6 31. Nxd4 Rcd8 32. c3 Rd7 33. h4 Ne4 34. Rd3
Kh8 35. Rdf3 f5 36. h5 Rg7 37. h6 Rf7 38. Qh2 Qxh2+ 39. Kxh2 Nf6 40. Kg3 Ng4 41.
Rd1 Nxh6 42. Rfd3 g5 43. R3d2 f4+ 44. Kf2 Ng4+ 45. Kf3 Ne5+ 46. Kg2 Nc4 47. Rf2
Ne3+ 0-1

[Event "chess.com SpeedChess Q2Sw"]
[Site "chess.com INT"]
[Date "2022.11.12"]
[Round "6"]
[White "Feng, Eric"]
[Black "Svane, Frederik"]
[Result "0-1"]
[BlackTitle "GM"]
[WhiteElo "1885"]
[BlackElo "2568"]
[WhiteFideId "30952590"]
[BlackFideId "12923044"]
[EventDate "2022.11.12"]

1. d4 d5 2. c4 e6 3. Nf3 Nf6 4. g3 Bb4+ 5. Bd2 Be7 6. Bg2 O-O 7. O-O c6 8. Nc3
dxc4 9. a4 a5 10. e4 Na6 11. Qe2 Nb4 12. Qd3 Ra7 13. Qxc4 b6 14. Rfd1 Ba6 15.
Qb3 Rd7 16. Be3 Ng4 17. Ne5 Nxe5 18. dxe5 Bd3 19. Rd2 c5 20. Qd1 c4 21. Nb5 Qb8
22. f4 Rfd8 23. Rc1 Na2 24. Rxc4 Bxc4 25. Rxd7 Nb4 26. Rxd8+ Qxd8 27. Nd6 Bd3
28. Qc1 Bc2 29. Qd2 Bxa4 30. Bf1 h6 31. Nc4 Qxd2 32. Nxd2 Bc5 33. Bxc5 bxc5 34.
b3 Bc6 35. Bc4 Kf8 36. Kf2 Ke7 37. Ke3 Nc2+ 38. Kd3 Nd4 39. Ke3 Kd7 40. Nf3 Nxf3
41. Kxf3 Kc7 42. Ke3 Kb6 43. Kd3 Bb5 44. Kc3 Bc6 45. Bd3 Bb7 46. g4 Ba6 47. h4
Bxd3 48. Kxd3 Kb5 49. Kc3 g6 50. h5 gxh5 51. gxh5 Kb6 52. Kc4 Kc6 53. f5 Kb6 54.
Kc3 Kb5 55. Kd3 Kb4 56. Kc2 c4 57. bxc4 Kxc4 58. Kd2 Kd4 0-1

[Event "chess.com SpeedChess Q2Sw"]
[Site "chess.com INT"]
[Date "2022.11.12"]
[Round "6"]
[White "Lewtak, Damian"]
[Black "Kalogridis, Antonios"]
[Result "1-0"]
[WhiteTitle "IM"]
[BlackTitle "FM"]
[WhiteElo "2385"]
[BlackElo "2293"]
[WhiteFideId "1141724"]
[BlackFideId "25833901"]
[EventDate "2022.11.12"]

1. e4 c6 2. Nf3 d5 3. d3 Qc7 4. g3 dxe4 5. dxe4 e5 6. Bg2 Bc5 7. O-O Nf6 8. Nbd2
O-O 9. Nc4 Nbd7 10. c3 b5 11. Ne3 Re8 12. Qc2 Bf8 13. a4 bxa4 14. Nf5 Nc5 15.
N3h4 Ba6 16. Rd1 Rad8 17. Be3 Bd3 18. Rxd3 Nxd3 19. Rxa4 Nc5 20. Rc4 Qa5 21. h3
Nd3 22. Ra4 Qc7 23. Rxa7 Qb8 24. Bf1 Nc5 25. Ra1 Ncxe4 26. g4 Bc5 27. Bxc5 Nxc5
28. b4 Ne6 29. Bg2 Qc7 30. Ra6 c5 31. b5 Nf4 32. b6 Qb8 33. Bc6 Re6 34. Qa4 Ne2+
35. Kf1 Nxc3 36. Qc4 Nce4 37. Bxe4 Nxe4 38. Qxe4 Rxb6 39. Rxb6 Qxb6 40. Qxe5
Qb5+ 41. Kg2 Re8 42. Qxg7# 1-0

[Event "chess.com SpeedChess Q2Sw"]
[Site "chess.com INT"]
[Date "2022.11.12"]
[Round "6"]
[White "Manukyan, Sargis V."]
[Black "Quispe Arteaga, Gabriel"]
[Result "0-1"]
[WhiteTitle "FM"]
[BlackTitle "FM"]
[WhiteElo "2253"]
[BlackElo "2374"]
[WhiteFideId "13303465"]
[BlackFideId "32059809"]
[EventDate "2022.11.12"]

1. Nf3 Nf6 2. g3 b5 3. Bg2 Bb7 4. O-O e6 5. d4 c5 6. Na3 a6 7. c4 bxc4 8. Nxc4
cxd4 9. Qxd4 Nc6 10. Qf4 d5 11. Nce5 Bd6 12. Nxc6 Bxc6 13. Qd4 O-O 14. Bg5 Bb5
15. Bxf6 Qxf6 16. Qxf6 gxf6 17. Nd4 Bd7 18. Rac1 f5 19. e3 a5 20. Rfd1 Rfb8 21.
Rc2 Ba4 22. b3 Be8 23. g4 fxg4 24. e4 dxe4 25. Bxe4 Ra7 26. Bc6 Be7 27. Bxe8
Rxe8 28. Nc6 Ra6 29. Rc4 h5 30. Rd7 Bf6 31. h3 gxh3 32. Kh2 Kg7 33. Kxh3 Rb6 34.
Nxa5 Rb5 35. b4 Rf5 36. f4 e5 37. Rd5 Kg6 38. Rcc5 Rxf4 39. Rd3 Kf5 40. Nc6 Rg8
41. Nd4+ Ke4 42. Rd1 Rh4# 0-1

[Event "chess.com SpeedChess Q2Sw"]
[Site "chess.com INT"]
[Date "2022.11.12"]
[Round "6"]
[White "Deev, Andrei"]
[Black "Ilkhomi, Jaloliddin"]
[Result "0-1"]
[WhiteTitle "IM"]
[BlackTitle "FM"]
[WhiteElo "2390"]
[BlackElo "2145"]
[WhiteFideId "4102690"]
[BlackFideId "14700948"]
[EventDate "2022.11.12"]

1. e4 e6 2. d4 d5 3. Nd2 Nf6 4. e5 Nfd7 5. Bd3 c5 6. c3 Nc6 7. Ngf3 cxd4 8. cxd4
f6 9. exf6 Qxf6 10. Nf1 h6 11. Ne3 Bd6 12. O-O O-O 13. Bc2 Rf7 14. a3 Nf8 15.
Ng4 Qd8 16. Re1 Bd7 17. Nge5 Nxe5 18. Nxe5 Bxe5 19. Rxe5 Rc8 20. Be3 Be8 21. Qd3
Rfc7 22. Bb3 Bg6 23. Qe2 Qf6 24. h3 Nd7 25. Bg5 hxg5 26. Rxe6 Qf5 27. g4 Qf7 28.
Bxd5 Nf6 29. Re8+ Rxe8 30. Bxf7+ Bxf7 31. Qb5 Bd5 32. Rf1 Bc4 33. Qa5 b6 34.
Qxg5 Bxf1 35. Kxf1 Rce7 0-1

[Event "chess.com SpeedChess Q2Sw"]
[Site "chess.com INT"]
[Date "2022.11.12"]
[Round "6"]
[White "Harikrishna, Pentala"]
[Black "Srihari, L R"]
[Result "1-0"]
[WhiteTitle "GM"]
[BlackTitle "IM"]
[WhiteElo "2715"]
[BlackElo "2436"]
[WhiteFideId "5007003"]
[BlackFideId "46617116"]
[EventDate "2022.11.12"]

1. Nf3 d5 2. g3 c5 3. Bg2 Nc6 4. d4 cxd4 5. Nxd4 Nf6 6. O-O e6 7. c4 Bc5 8. Nb3
Bb6 9. cxd5 exd5 10. Nc3 d4 11. Na4 O-O 12. Nxb6 axb6 13. e3 d3 14. Bd2 Be6 15.
Bc3 Bc4 16. Nd2 Bxa2 17. Ne4 Nd5 18. Qxd3 Nxc3 19. Qxc3 Be6 20. Rxa8 Qxa8 21.
Ng5 Qc8 22. Nxe6 Qxe6 23. Rd1 h6 24. h4 Rc8 25. Qd3 Ne5 26. Qe4 Nc6 27. Qxe6
fxe6 28. Rd7 Na5 29. b4 Rc1+ 30. Kh2 Nc6 31. Rxb7 Nxb4 32. Be4 Rc4 33. Bg6 Kf8
34. Rf7+ Kg8 35. Re7 Rc8 36. Rxe6 Nd5 37. e4 Nf6 38. Rxb6 Ng4+ 39. Kg2 Kf8 40.
Bf5 1-0

[Event "chess.com SpeedChess Q2Sw"]
[Site "chess.com INT"]
[Date "2022.11.12"]
[Round "6"]
[White "Grycel, Kamil"]
[Black "Manukian, Artak"]
[Result "0-1"]
[WhiteTitle "FM"]
[WhiteElo "2315"]
[BlackElo "2196"]
[WhiteFideId "1115499"]
[BlackFideId "13301373"]
[EventDate "2022.11.12"]

1. b3 Nf6 2. Bb2 g6 3. Bxf6 exf6 4. c4 f5 5. Nc3 f4 6. Qc2 d6 7. Qe4+ Qe7 8.
Qxf4 Bg7 9. Rc1 O-O 10. Nd5 Qd8 11. Nf3 c6 12. Nc3 Na6 13. e3 Qa5 14. Be2 Nb4
15. O-O Nxa2 16. Ra1 Nxc3 17. dxc3 Qxc3 18. Rab1 Bf5 19. Rbc1 Qxb3 20. Nd4 Bxd4
21. Qxd4 a5 22. e4 Be6 23. Rb1 Qa2 24. Rb2 Qa3 25. Rxb7 Qc5 26. Qf6 Qe5 27. Qe7
a4 28. Ra7 a3 29. Qb7 Rxa7 30. Qxa7 Qb2 31. Bf3 Bxc4 32. Rd1 a2 33. h4 d5 34. h5
Kg7 35. exd5 Bxd5 36. h6+ Kxh6 37. Bxd5 cxd5 38. Qe7 Kg7 39. Qa7 d4 40. Qa4 Rd8
41. Kh2 d3 42. Re1 Qd4 43. Qxa2 Qxf2 44. Rd1 Qxa2 45. Rf1 Qe6 46. Rf3 d2 0-1